000 00344nam a2200109Ia 4500
008 220216s9999 xx 000 0 und d
100 _aThomas E V
245 0 _aPrinciples of compounding
260 _bLecture Notes of the Refresher Course for small scale latex goods manufacturers. Kottayam, RRII, 1979
_c1979
300 _a152-162
942 _cJS
999 _c65700
_d65700